000 00870nac a22002417a 4500
001 BR4400156
003 BR-BrBNA
005 20250217084450.0
008 230509b bl.|||m| |||| 00| 0 por d
040 _aBR-BrBNA
_bpor
_cBiblioteca Nacional de Agricultura
072 _aD50; F10
090 _aD50 BR4400156
110 1 _aMinisterio da Agricultura, Rio de Janeiro, GB (Brasil)Servico de Meteorologia;
110 1 _aServico de Informacao Agricola, Rio de Janeiro, GB (Brasil)
245 1 _aRegimento do Servico de Meteorologia (Aprovado pelo decreto n. 14.020, de 17-11-1943)
260 3 _aRio de Janeiro, GB (Brasil):
_c1944.
300 _a26 p.
490 _aSIA (Brazil)
_vno. 113
650 _aLegislacao
650 _aMeteorologia
856 _uhttps://repositorio-dspace.agricultura.gov.br/bitstream/1/5953/1/1944%20SIA%20113.pdf
942 _2AGRIS
_n0
_cMS
999 _c260542
_d260542